Aldo Giovanni e Giacomo - Spettacoli teatrali - Statistics

Statistiche generali
  • Questo quiz è stato fatto 38 volte
  • Il punteggio medio è 3 su 8
Statistiche sulle risposte
Anno Direzione / Regia Con Risposta % Corretto
2013 Arturo Brachetti Silvana Fallisi - Arturo Brachetti - Raul Cremona Ammutta muddica
75%
1999 Arturo Brachetti Marina Massironi - Antonio Cornacchione -The Good Fellas - Ray Gelato - Raul Cremona Tel chi el telùn
75%
2006 Arturo Brachetti Silvana Fallisi Anplagghed
63%
1996 Arturo Brachetti Marina Massironi I corti
53%
2001 Massimo Venier Raul Cremona - Lele Micò - Silvana Fallisi - Saturno Brioschi Potevo rimanere offeso!
13%
1993 Giancarlo Bozzo Marina Massironi Aria di tempesta
3%
1992 Paola Galassi Marina Massironi Lampi d'estate
3%
1992 Flavio Oreglio - Antonio Cornacchione Marina Massironi Ritorno al gerundio
3%
Nessun quiz corrispondente trovato
Distribuzione punteggi
Percentuale di utenti per punteggio
Percentile per numero di risposta
I tuoi punteggi nel tempo
Non hai fatto questo quiz